000 00672nam a22001817a 4500
005 20241114173640.0
008 241113b |||||||| |||| 00| 0 eng d
020 _a9786214181643
082 _aDFil 796.8153 F847 2020
100 _aFrancisco, Greg Mabbayad.
_964040
245 _aShotokan karate :
_ba guide in the fundamentals of martial arts with disarming techniques for criminology students /
_cGreg Mabbayad Francisco.
260 _aQuezon city :
_bWiseman's Books Trading, Inc.,
_c©2020.
300 _av, 95 pages :
_billustrations ;
_c23 cm.
500 _aIncludes references.
650 0 _aMartial arts.
_964134
650 0 _aKarate.
_964135
942 _2ddc
_cDFIL
999 _c23189
_d23189